| 000 | 01035cam a22001934a 4500 | ||
|---|---|---|---|
| 005 | 20250605164000.0 | ||
| 008 | 250528s ||||||||||||||||||||||||d | ||
| 035 | _a15604 | ||
| 020 | _a138549435 | ||
| 040 |
_aGR-AtMCL _bgre _dGR-AtMCL _eAACR2 |
||
| 245 | 1 | _aStructured Programming and Problem-Solving with PL/1 | |
| 260 |
_bPrentice Hall, _c1977 |
||
| 300 | _a352 | ||
| 520 | _aAn introductory text emphasizing the problem-solvingt approach to computing, progressing from the development of a systematic and disciplined approach to the discovery of algorithms. Preface, Glossary of Terms, What is Computing, Using Computational Variables, Programming the Computer to Make Decisions, Pepeating Computations, Telling the Computer about the Data, Getting Information in and out of a Computer, Computations Within Computations, Solving Hard Problems, Simulating the Real World, Numerical Computation, How Does the Computer Work, Index. | ||
| 700 | 1 |
_aKieburtz Richard B _91569 |
|
| 942 | _cBK | ||
| 999 |
_c1174 _d1174 |
||